A-Z Geography: containing "hit" - Statistics

General Stats
  • This quiz has been taken 4 times
  • The average score is 6 of 26
Answer Stats
Clue Place % Correct
C The second city of Bangladesh, where one might tap a large cymbal (10) Chittagong
100%
T French island in the Pacific Ocean (6) Tahiti
67%
A No junction in Tahiti, town starting with a worst and best grade (8 letters) Afaahiti
33%
B Arkansas conflict marks the end of Indian town (9) Bhitarwar
33%
E Oriental nation of a light colour forms Pennsylvania town (13) East Whiteland
33%
F East Timorese villagers show how Mexican dish is pronounced (6) Fahita
33%
G Colourful-sounding town in Kent, a greeting by the Dartford tunnel (10) Greenhithe
33%
H Hertfordshire town where you get a punch to the jaw (7) Hitchin
33%
I Town in Argentina where Engineer Blanco mixes up his languages (14) Ingeniero White
33%
K Damaged gun found on a Canadian isle (13) Kunghit Island
33%
M Far from Houston, the highest peak in California (12) Mount Whitney
33%
P Chip mix-up leads to strike in Thai province (7) Phichit
33%
U Road name in Thailand, notably in a main Bangkok street, Pracha _____ (5) Uthit
33%
V After gulping oxygen in Madagascar, Fitch's partner is split in two (10) Vohitromby
33%
W Oceanic inlet off NW Russia, named after a colour (8) White Sea
33%
Q Farm in northern China is afflicted by radioactive substance (7) Qishitu
0%
X In Mexican town, indebted to the ocean with a careless way of returning debt (11) Xochitlaxco
0%
D Barrel of sodium ordered by doctor; doc loses head and gets a kick (13) Drumnadrochit
0%
J Mexican town in which you see an ending of Aragonese city (18) Juchitan de Zaragoza
0%
L Cornwall town where the rule is that you must not turn back (9) Lawhitton
0%
N Knight is trapped by Japanese capital (10) Nishitokyo
0%
O Tip falls off jousting pole in town of Honduras, ultimately going round in a circle (9) Olanchito
0%
R Alternative aspect of man from Southwark (11) Rotherhithe
0%
S Such a bad day in Guatemala: tip of epee falls off, then I'm replaced by error in quiz (13) Suchitepéquez
0%
Y Mapmaker in Japan with beginnings of Omicron variant (9) Yoshitomi
0%
Z √-1 encoded by queen, on shore of Kazakh sea which loses volume of water (9) Zhitiqara
0%
No matching quizzes found
Score Distribution
Percent of People with Each Score
Percentile by Number Answered
Your Score History
You have not taken this quiz